Sports in Asia - Statistics

General Stats
  • This quiz has been taken 25 times
  • The average score is 6 of 15
Answer Stats
Hint Answer % Correct
Country that will be the host for FIFA World Cup 2022 Qatar
96%
National sport of Japan Sumo Wrestling
79%
Retired professional boxer from the Philippines Manny Pacquiao
67%
South Korean footballer who currently plays for Tottenham Hotspur in the Premier League Son Heung-min
54%
Country that has the Rungrado 1st of May Stadium, the biggest stadium in the world North Korea
50%
Chinese basketball player who was the tallest player in the NBA Yao Ming
42%
Sport popular in Southeast Asia where two specific animals fight each other to death Cockfighting
38%
Popular Martial art that originates from Israel* Krav Maga
33%
South Korean city that hosted the 2018 Winter Olympics Pyeongchang
33%
National and most popular sport in Bhutan Archery
29%
The official national tournament for Asian national football teams, hosted every 4 years AFC Asian Cup
17%
Activity that has been appointed as South Korea's national pastime E-sports
13%
Southeast Asian sport which is like volleyball but you can't use your hands Sepak Takraw
13%
Central Asian sport in which horse-mounted players attempt to place a goat or calf carcass in a goal Buzkashi
8%
Popular kung fu style practiced by Bruce Lee Wing Chun
8%
No matching quizzes found
Score Distribution
Percent of People with Each Score
Percentile by Number Answered
Your Score History
You have not taken this quiz